Capital humano y externalidades de la educación. Efectos en el crecimiento argentino (1913-1984) (Registro nro. 24952)

Detalles MARC
000 -LEADER
fixed length control field 00409 a2200121 4500
001 - CONTROL NUMBER
control field ART_47189
005 - DATE AND TIME OF LATEST TRANSACTION
control field 20260410161850.0
008 - FIXED-LENGTH DATA ELEMENTS--GENERAL INFORMATION
fixed length control field 260409a
100 1# - MAIN ENTRY--PERSONAL NAME
Personal name Dulitzky, Daniel
245 10 - TITLE STATEMENT
Title Capital humano y externalidades de la educación. Efectos en el crecimiento argentino (1913-1984)
700 1# - ADDED ENTRY--PERSONAL NAME
Personal name Porto, Guido G.
773 0# - HOST ITEM ENTRY
Title Económica
Related parts - Año XXXIX, Nº 1/2 (ene. 1993)
Record control number REV7541

No hay ítems disponibles.